00267nam a22001217a 4500003000500000005001700005038001200022082001300034100001600047245003600063260002900099300001700128NUST20190904113034.0 amsohail a363bMOD aAshoka Mody aInfrastructure delivery private aUSAbThe Worldbankc1996 a227; Pc25cm